000 00796nam a2200205 a 4500
001 000041965
005 20201002035846.0
008 131025s1984 sp 000 0 spa d
020 _a840005914X
040 _aDO-SdBNP
_bspa
_cBNPHU
100 1 _aGomez Pérez, María del Carmen
_968889
245 1 0 _aPedro de Heredia y Cartagena de Indias /
_cMaría del Carmen Gomez Pérez.
260 _aSevilla :
_bCSIC,
_c1984.
300 _a460 p. ;
_c25 cm.
490 1 _aPublicaciones de Escuela Hispano-Americanos de Sevilla
_v302
500 _aIncluye índice
504 _aIncluye referencias bibliográficas y notas al pie de las páginas
710 2 _aConsejo Superior de Investigaciones Científicas(España)
_967719
830 0 _aPublicaciones de Escuela Hispano-Americanos de Sevilla
_v302
_968890
999 _c41454
_d41454